000 00916cam a2200181 4500
001 WS109696
008 000000u xxk f 000 0 eng d
035 _a(Sirsi) u109696
041 0 _aeng
110 _aExpert Witness Institute
_93977
240 _aExpert Witness Institute
245 _ahttp://www.ewi.org.uk
_h[electronic resource]
520 _aAn independent, professional membership body and non-profit making organisation, the Institute aims to support the proper administration of justice and the early resolution of disputes through fair and unbiased expert evidence. It seeks to act as a voice for the expert witness community, supporting experts from all professional disciplines and lawyers who use the services of experts.
651 4 _aUnited Kingdom
_y
690 _aDispute resolution
_96236
856 4 0 _uhttps://www.ewi.org.uk
_zView the website free of charge at www.ewi.org.uk...
942 _n0
999 _c119726
_d119726